[Event "Petrov Memorial op"]
[Site "St Petersburg"]
[Date "2000.02.09"]
[Round "3"]
[White "Nikitin, Andrey"]
[Black "Belozerov, Andrei"]
[Result "1/2-1/2"]
[WhiteElo "2400"]
[BlackElo "2487"]
[Annotator "Alterman,B"]
[PlyCount "91"]
[EventDate "2000.02.05"]
[EventType "swiss"]
[EventRounds "9"]
[EventCountry "RUS"]
[SourceTitle "CBM 076"]
[Source "ChessBase"]
[SourceDate "2000.05.31"]
[SourceVersion "1"]
[SourceVersionDate "2000.05.31"]
[SourceQuality "1"]

1. d4 Nf6 2. c4 g6 3. Nc3 Bg7 4. e4 O-O 5. Nf3 d6 6. Be2 c5 7. O-O cxd4 8. Nxd4
Nc6 9. Be3 Bd7 10. Rc1 Nxd4 11. Bxd4 Bc6 12. f3 a5 13. c5 $6 {[%mdl 16384]
Dubious move.White open position on black favor.} (13. Nd5 Bxd5 14. cxd5 Nd7
15. f4 Rc8 16. Bxg7 Kxg7 17. Qd4+ Kg8 18. Bg4 Rxc1 19. Rxc1 Nc5 20. e5 Qb6 21.
f5 Qb4 22. Qxb4 axb4 23. f6 exf6 24. exd6 b6 25. Rc4 Rd8 26. Rxb4 Rxd6 27. Bf3
Kf8 {Gomez Lopez,R-Hernandez,R/Mondariz 1999/EXT 2000/1/2-1/2 (45)}) (13. b3
Nd7 14. Be3 $14) 13... dxc5 $146 (13... e5 14. Bf2 (14. Be3 d5 15. exd5 Nxd5
16. Nxd5 Bxd5 17. Qc2 Qe7 18. Rfd1 Qe6 19. Bc4 Rfd8 20. Qd2 {1-0 Adamski,
J-Jicman,L/Aachen 1990/EXT 2000 (20)}) 14... Bh6 15. Rc2 d5 16. Bh4 d4 17. Nb5
Be3+ 18. Kh1 g5 19. Bf2 Bxf2 20. Rxf2 Ne8 21. a4 Qe7 22. Bc4 Kh8 23. Qd2 Qxc5
24. Qxg5 f6 25. Qh6 Qe7 26. f4 Ng7 27. Bd5 Rad8 28. Bxc6 {Shirov,A-Damljanovic,
B/Manila 1990/CBM 19/[Ftacnik]/1/2-1/2 (41)}) 14. Bxc5 Nd7 $11 15. Be3 (15. Bd4
Bxd4+ 16. Qxd4 e5 $1 {[%csl Gd4,Ye2]} 17. Qf2 $11) 15... a4 16. Qd2 Qa5 17.
Rfd1 e6 $1 {[%mdl 256] Important to protect important d5 square.} (17... Rfd8
18. Nd5 $1 Bxd5 19. Qxd5 Qxd5 20. Rxd5 $16 {[%cal Gd5b5,Rc1d1]}) 18. Nb1 $1 {
[%cal Gd1d7]} Qxd2 19. Rxd2 Rfd8 20. Rcd1 Bf6 {[%cal Gf6d8]} 21. Na3 Nf8 {
White has some pressure in the endgame but black's defending resurses enought
for a draw.} (21... Ne5 22. Nb5 Rxd2 23. Rxd2 Be7 $11) 22. Nb5 Rxd2 23. Rxd2 g5
24. Kf2 Ng6 25. Nd4 Be8 26. Nb5 Bc6 27. Nd4 Be8 28. Nb5 Rd8 (28... Bc6 $11 {
Better was accept a draw.}) 29. Rxd8 Bxd8 30. Bd4 Be7 31. g3 f6 32. Bc4 Kf7 33.
Ke3 Ne5 34. Bxe5 fxe5 35. Nc7 {Now white play for a win but finally it's
finished a draw of course.} Bd7 36. Bb5 Bc5+ 37. Kd3 Ke7 38. Bxd7 Kxd7 39. Nb5
Kc6 40. Kc4 Bf8 41. g4 Kb6 42. Nc3 Kc6 43. Nb5 Kb6 44. b4 axb3 45. axb3 Kc6 46.
Nc3 (46. b4 Be7 47. Nc3 Bd6 48. b5+ Kd7 49. Na4 Kc7 50. Nc5 Bxc5 51. Kxc5 b6+
$11) 1/2-1/2

[Event "Hoogovens"]
[Site "Wijk aan Zee"]
[Date "1999.01.23"]
[Round "6"]
[White "Van Wely, Loek"]
[Black "Reinderman, Dimitri"]
[Result "1-0"]
[WhiteElo "2636"]
[BlackElo "2542"]
[Annotator "Alterman,B"]
[PlyCount "113"]
[EventDate "1999.01.16"]
[EventType "tourn"]
[EventRounds "13"]
[EventCountry "NED"]
[EventCategory "17"]
[SourceTitle "CBM 069"]
[Source "ChessBase"]
[SourceDate "1999.04.01"]
[SourceVersion "1"]
[SourceVersionDate "1999.04.01"]
[SourceQuality "1"]

1. d4 Nf6 2. c4 g6 3. Nc3 Bg7 4. e4 d6 5. Nf3 O-O 6. Be2 c5 7. O-O cxd4 8. Nxd4
Nc6 9. Be3 Bd7 10. Qd2 Nxd4 11. Bxd4 Bc6 12. f3 a5 13. Rab1 Nd7 14. Be3 Nc5 15.
Rfc1 Qb6 16. b3 Rfc8 17. Bd1 $6 {Van Wely wants to open the position in the
Qeen side but as I understand in this position black only waits for this b3-b4.
Better was 17.Bf1 and not to change some pawns or pieces, because white has a
clear space advantage.} (17. Nb5 Qd8 18. Nd4 Bd7 19. Bd1 b6 20. Bc2 Ne6 21.
Nxe6 Bxe6 22. Qf2 Rab8 23. Bd3 Bd7 24. a4 Bc6 25. Rc2 Qc7 26. Rd1 Qb7 27. Re2
Bc3 28. Kh1 $14 {1-0 Marinkovic,I-Abramovic,B/Belgrade op 1991/EXT 91op (43)})
(17. Qc2 Qd8 18. Bf1 Qf8 19. Rd1 b6 20. Re1 Rab8 21. a3 a4 22. b4 Nb3 23. Qf2
Bd7 24. Nd5 Rc6 25. Kh1 Qd8 26. b5 Rc5 27. Bxc5 Nxc5 28. Qh4 f6 29. Rbd1 $16 {
0-1 Fogarasi,T-Martin,A/Festuge op 1991/EXT 91op (43)}) (17. a3 Nxb3 18. Bxb6
Nxd2 19. Rb2 Nxc4 20. Bxc4 Bd7 21. Bd5 Bxc3 22. Rbb1 Be5 23. Bxb7 Rxc1+ 24.
Rxc1 Rb8 25. Rc7 Be6 26. Ba7 Re8 27. Be3 a4 28. Bc6 Rb8 29. Rxe7 Rb1+ 30. Kf2
Rb2+ 31. Kg1 Rb1+ 32. Kf2 {1/2-1/2 Maksimenko,A-Marinkovic,S/Vrnjacka Banja
1991/CBM 23}) (17. Nd5 Qd8 18. Bg5 Bxd5 19. exd5 Qf8 20. Bf1 Bf6 21. Bh6 Bg7
22. Be3 Bf6 23. Re1 Qg7 24. Rbc1 h5 25. Bh6 Qh8 26. g3 Rc7 27. Be3 Nd7 28. Kg2
$16 {1-0 Matulovic,M-Abramovic,B/Belgrade IKO 1992/CBM 31 (41)}) (17. Bf1 Qd8 (
17... Qb4 18. Qb2 (18. Nd5 Bxd5 19. cxd5 Rcb8 20. Kh1 Qxd2 21. Bxd2 b5 22. Be3
Na6 23. Bd2 Nc5 24. Be3 Na6 25. a3 b4 26. a4 Bc3 27. Bxa6 Rxa6 28. g4 Raa8 29.
Kg2 f6 30. Rc2 $11 {1/2-1/2 De la Villa Garcia,J-Spangenberg,H/Sevilla op 1994/
TD 94\02 (36)}) 18... Qb6 19. Qd2 Qd8 20. Nd1 Qf8 21. Nf2 h5 22. Nd3 Kh7 23.
Re1 Bh6 24. e5 Nxd3 25. Bxd3 dxe5 26. Bxh6 Qxh6 27. Qxh6+ {1/2-1/2 De la Villa
Garcia,J-Andersson,U/San Sebastian op 1994/TD 94\02 (48)}) 18. Qf2 (18. Nd5 e6
19. Nc3 b6 20. Bg5 Qf8 21. Rd1 h5 22. Ne2 f6 23. Bf4 e5 24. Be3 Rd8 25. Nc3 Kh7
26. Nd5 Rab8 27. Nxb6 Bh6 28. Bxh6 Qxh6 29. Nd5 Bxd5 30. Qxh6+ {1-0 Ginsburg,
G-Veremeichik,V/Minsk op 1994/EXT 94op (43)}) 18... b6 (18... Qf8 19. a3 e6 20.
b4 axb4 21. axb4 Na4 22. Ne2 f5 23. exf5 gxf5 24. Nd4 f4 25. Bd2 Bd7 26. Bd3
Be5 27. Be4 Qf6 28. Ne2 Bc6 29. Bxc6 {Vogt,L-Troyke,C/BL9394 1994/BL 90/0-1 
(54)}) 19. a3 Ra7 20. b4 axb4 21. axb4 Nd7 22. Nd5 Rb8 23. Rc2 Ba4 24. Rcc1 Bc6
25. Bg5 Nf8 26. Rd1 Ne6 27. Be3 Rab7 28. Rd3 $16 {Bragin,A-Basyrov/RUS-chT
Podolsk 1993/EXT 97}) 17... Qd8 18. a3 b6 19. b4 axb4 20. axb4 Nd7 21. Be2 (21.
Nd5 e6 22. Nf4 Qf8 23. Ne2 Be5 24. Nd4 Bb7 25. Nb5 Rd8 26. Bg5 Rdb8 27. f4 Bf6
28. Nxd6 Bxg5 29. fxg5 Ne5 30. Bf3 Ra3 31. Nxb7 Rxb7 $44 {0-1 Farkas,
T-Paschall,W/3rd Thurs Aug, Szeged HUN 1998 (39)}) 21... Ra3 $1 {[%cal Gc8a8]}
22. Bd4 $5 (22. Bf1 Rca8 $11) 22... Bxd4+ 23. Qxd4 Rca8 {Now we can see that
white hasn't any advantage. What was the reason? Of course the move b3-b4,
after which black's rooks got the open line "a", and the space advantage is
difficult to feel. White should play now more carefully.} 24. f4 Qf8 25. Nd5 e6
(25... Bxd5 26. cxd5 $36) 26. Nxb6 $5 {Start sharp play.} (26. Nc3 e5 27. Qd2
exf4 28. Qxf4 Ne5 $11) 26... Nxb6 27. Qxb6 Bxe4 28. Rb2 Ra1 29. Rf1 Qg7 30. Rd2
d5 31. Qd4 (31. cxd5 $142 Bxd5 32. Qd4 $11) 31... Qxd4+ 32. Rxd4 R1a2 33. Re1 (
33. Bf3 Bxf3 34. Rxf3 Rc2 $1 35. cxd5 (35. h3 dxc4) 35... Ra1+ 36. Rf1 Raa2 $19
) 33... Rc2 34. Kf2 Raa2 35. Rxe4 $138 (35. cxd5 exd5 36. b5 Rcb2 $17) 35...
dxe4 36. Ke3 Rab2 37. b5 Kf8 38. Bf1 Ke7 $2 (38... f5 $1 39. Ra1 (39. Rd1 Ke7)
39... Rb3+ 40. Kd4 e3 $1 41. Re1 Ke7 42. Rxe3 (42. Kc5 Rf2 43. Kc6 e2 44. Bxe2
Re3 45. b6 Rexe2 46. Rxe2 Rxe2 47. b7 Rb2 48. Kc7 Rc2 $19) 42... Rxe3 43. Kxe3
Kd6 44. Kd4 Rd2+ $1 45. Bd3 (45. Ke3 Rd1 46. Be2 Re1 47. Kf2 Rc1 48. Ke3 Kc5
$17) 45... Rxg2 46. c5+ Kc7 47. h3 (47. Bc4 Rxh2 48. Bxe6 Rb2 49. b6+ Kb8 50.
Kc3 Rb1 51. Bb3 h5 52. c6 Rxb3+ 53. Kxb3 h4 $19) 47... g5 {Black has good
winning chance.}) 39. Kxe4 Kd6 40. Kd4 $44 Rd2+ 41. Kc3 f6 $6 (41... Rdc2+ 42.
Kd4 Rd2+ $11) 42. h4 e5 43. fxe5+ fxe5 44. Bd3 Rxg2 45. Rd1 Kc5 46. Be4 Rh2 $2
{Last mistake.} (46... Rge2 $1 47. Rd5+ Kb6 48. Rd6+ (48. Rxe5 Rbc2+ $11) 48...
Kc7 49. Rc6+ Kd7 50. Rc5 $14) 47. Rd5+ Kb6 48. Rxe5 Rbf2 49. Re6+ Kc7 50. c5
Rh3+ 51. Kd4 Rd2+ 52. Ke5 Rxh4 53. b6+ Kd8 54. b7 Rh5+ 55. Kf6 Rf2+ 56. Kg7 Rb2
57. Rb6 1-0

[Event "Elgoibar 08th"]
[Site "Elgoibar"]
[Date "1998.11.22"]
[Round "2"]
[White "Ubilava, Elizbar"]
[Black "Mellado Trivino, Juan"]
[Result "1-0"]
[WhiteElo "2540"]
[BlackElo "2460"]
[Annotator "Alterman,B"]
[PlyCount "39"]
[EventDate "1998.11.11"]
[EventType "tourn"]
[EventRounds "9"]
[EventCountry "ESP"]
[EventCategory "10"]
[SourceTitle "CBM 069"]
[Source "ChessBase"]
[SourceDate "1999.04.01"]
[SourceVersion "1"]
[SourceVersionDate "1999.04.01"]
[SourceQuality "1"]

{[%mdl 8196]} 1. Nf3 Nf6 2. c4 c5 3. Nc3 Nc6 4. d4 cxd4 5. Nxd4 g6 6. e4 Bg7 7.
Be3 O-O 8. Be2 d6 9. O-O a5 10. f3 Bd7 (10... Nd7 11. Ndb5 Nc5 12. Qd2 Be6 (
12... a4 13. Rfd1 Qa5 14. Rac1 Be6 15. Nd5 Qxd2 16. Rxd2 Bxd5 17. cxd5 Nb4 18.
Rxc5 dxc5 19. Bxc5 Nxa2 20. Bxe7 Rfc8 21. f4 Bf8 22. d6 Nb4 23. Bh4 {1-0
Andersson,U-Larsen,B/Linares 1983/MCD-r8 (33)}) 13. Rfd1 a4 14. Rab1 Qa5 15. b3
Rfc8 16. Qb2 axb3 17. axb3 Nb4 18. Qd2 Na2 19. Nd5 Bxd5 20. exd5 {1/2-1/2
Adamski,J-Clausen,S/Lyngby op 1990/EXT 90op}) 11. Ndb5 $1 (11. Qd2 $6 a4 12.
Ndb5 Qa5) 11... Ne5 12. Rc1 Bc6 13. c5 d5 $2 (13... dxc5 14. Bxc5 Ned7 15. Be3
$16) 14. Bd4 $1 $18 Nxe4 (14... Nc4 15. exd5 Nxb2 16. Qb3 $18) 15. fxe4 dxe4
16. Qa4 e6 17. Be3 Nd3 18. Rcd1 Qd7 19. Bxd3 Bxc3 20. Be2 1-0

[Event "YUG-ch 55th"]
[Site "Subotica"]
[Date "2000.03.25"]
[Round "8"]
[White "Pavlovic, Milos"]
[Black "Markovic, Miroslav"]
[Result "0-1"]
[WhiteElo "2481"]
[BlackElo "2586"]
[Annotator "Alterman,B"]
[PlyCount "80"]
[EventDate "2000.03.16"]
[EventType "tourn"]
[EventRounds "15"]
[EventCountry "YUG"]
[EventCategory "10"]
[SourceTitle "CBM 076"]
[Source "ChessBase"]
[SourceDate "2000.05.31"]
[SourceVersion "1"]
[SourceVersionDate "2000.05.31"]
[SourceQuality "1"]

1. Nf3 c5 2. c4 Nc6 3. d4 cxd4 4. Nxd4 g6 5. e4 Bg7 6. Be3 d6 7. Nc3 Nh6 8. Be2
O-O 9. O-O f5 10. exf5 gxf5 11. Qd2 Nf7 12. f4 Bd7 $146 13. Rad1 Rc8 14. Kh1 a6
15. Nb3 {[%cal Gc4c5]} (15. b3 $5 Nxd4 16. Bxd4 Bc6 17. Bxg7 Kxg7 18. Qd4+ $16)
15... e6 16. Bh5 (16. Na4 Qf6 17. Nbc5 Rc7 18. Nxd7 Rxd7 19. Bf3 $16) 16... Na5
17. Nxa5 Qxa5 18. c5 Bc6 (18... Bxc3 19. bxc3 Ba4 20. Rb1 dxc5 21. Rxb7 $18)
19. cxd6 Rfd8 20. Qf2 $2 {[%mdl 8192] Blunder. White has a winning position
after} (20. Bxf7+ Kxf7 21. Bd4 $1 {exchanging the black bishop and impossible
is} Rxd6 {because of} 22. Ne4 $3 $18 {[%cal Gd2a5,Re4d6]}) 20... Rd7 21. Bxf7+
Kxf7 22. Qh4 Qb4 $1 $132 {Now black has some compensation.} 23. Qf2 Bf6 24. h3
Rg8 {[%csl Rg2][%cal Gc6g2,Yg8g2]} 25. Rg1 h5 26. Kh2 h4 27. Qe2 Rg3 28. a3 Qa5
29. Bd4 (29. Qh5+ Kg7) 29... Qd8 30. Be5 Qg8 31. Qh5+ Kf8 32. Qh6+ Ke8 33. Qh5+
Qf7 34. Qxf7+ Rxf7 35. Ne2 Re3 36. Nd4 Bd5 37. Nxf5 $4 {[%mdl 8192] Last
mistake, after} (37. Bxf6 Rxf6 $44 {Black has only some better chances thanks
to his powerful bishop.}) 37... Rxe5 $1 38. Nh6 Re2 (38... Rh7 $1 $19) 39. Nxf7
Kxf7 40. b4 Ke8 0-1

[Event "Hoogovens"]
[Site "Wijk aan Zee"]
[Date "1999.01.25"]
[Round "8"]
[White "Topalov, Veselin"]
[Black "Reinderman, Dimitri"]
[Result "1-0"]
[WhiteElo "2700"]
[BlackElo "2542"]
[Annotator "Alterman,B"]
[PlyCount "117"]
[EventDate "1999.01.16"]
[EventType "tourn"]
[EventRounds "13"]
[EventCountry "NED"]
[EventCategory "17"]
[SourceTitle "CBM 069"]
[Source "ChessBase"]
[SourceDate "1999.04.01"]
[SourceVersion "1"]
[SourceVersionDate "1999.04.01"]
[SourceQuality "1"]

1. d4 Nf6 2. c4 g6 3. Nc3 Bg7 4. e4 d6 5. Nf3 O-O 6. Be2 c5 7. O-O cxd4 8. Nxd4
Nc6 9. Be3 Bd7 10. Qd2 Nxd4 11. Bxd4 Bc6 12. f3 a5 13. b3 Nd7 14. Be3 Nc5 15.
Rab1 e6 $6 (15... h5 16. Rfe1 Kh7 17. Bd1 e6 18. Bc2 Qe7 19. a3 Rfc8 20. Bf4
Nd7 21. Nd5 Bxd5 22. exd5 e5 23. Qe2 Qf8 24. Be3 Bh6 25. Bf2 Kg8 26. g4 hxg4
27. fxg4 Bf4 28. a4 Qe7 29. Kg2 {2.26-2.15 0-1 Diaz,J-Garcia,G/Capablanca
mem-B 1993/EXP 35 (49)}) 16. Rfd1 (16. Bh6 $6 Bxh6 17. Qxh6 e5 $5 $13) (16. Nd1
f5 17. exf5 gxf5 18. Nf2 Qe7 19. Rbd1 Rfd8 20. Bg5 Bf6 21. Nh3 e5 22. f4 Qg7
23. Bf3 e4 24. Bxf6 Qxf6 25. Be2 Ne6 26. Qe3 {1/2-1/2 Adamski,J-Nielsen,P/Open,
Roskilde DEN 1998}) (16. Bd1 f5 17. exf5 Rxf5 18. Ne2 {+/- Tringov,G-Haik,A/
Vrnjacka Banja 1986/Inf 41}) (16. Rfc1 b6 17. Rc2 Qe7 18. Bf1 Rfd8 19. Rd1 Ra7
20. Bg5 Bf6 21. Bxf6 Qxf6 22. Qe3 Rb7 23. Rcd2 e5 24. g3 Kg7 25. Bh3 Qe7 26. f4
Rbb8 27. f5 g5 28. Bg4 f6 29. h4 h6 30. Bh5 {1/2-1/2 Wojtkiewicz,A-Olafsson,H/
St.Martin op 1993/TD 93\03 (39)}) 16... Be5 17. Bd4 (17. g3 Qe7 (17... Qf6 18.
Bg5 $5) 18. Nb5 b6 19. Bg5 f6 20. Bh6 Rfd8 21. f4 Bxe4 22. Rbc1 g5 23. fxe5
dxe5 24. Qe3 Kf7 25. Nc3 Bf5 26. g4 Bg6 27. Rf1 Kg8 28. Qf3 Nd7 29. Rcd1 {
1-0 Korneev,O-Cebalo,M/Porto San Giorgio op 1997/EXP 59 (31)}) (17. Bf4 Qe7 18.
Qe3 Rad8 19. Bg5 f6 20. Bh4 b6 21. a3 d5 22. cxd5 exd5 23. Nxd5 Bxd5 24. Rxd5
Rxd5 25. Bc4 Ne6 26. Bxd5 Kg7 27. Rd1 Qd6 28. Bg3 Rd8 29. Rc1 Bd4 30. Qxd4 Nxd4
31. Bxd6 Ne2+ 32. Kf1 Nxc1 33. Bc7 {1/2-1/2 Fishbein,A-Sorensen,J/Copenhagen
PC 1991/EXT 91op}) (17. Bf1 $6 Qh4 18. h3 Qg3 $36) (17. Nb5 Qh4 $5 18. g3 Bxg3
$5 $13) 17... Qe7 18. Bf1 (18. Qe3 Rad8 19. Rd2 Bxd4 20. Qxd4 f5 21. exf5 gxf5
22. f4 e5 23. Qe3 Qg7 24. Nd5 Ne6 25. Bf3 Kh8 26. fxe5 dxe5 27. Re1 e4 28. Bd1
Qe5 29. Bc2 Bxd5 30. cxd5 Rxd5 31. Rxd5 Qxd5 32. Rd1 Qc6 33. b4 Qxc2 {0-1
Kristiansen,J-Sorensen,J/Obro-A Copenhagen 1990/EXT 90}) 18... Rfd8 19. Qe3 (
19. Bf2) 19... Bxd4 20. Rxd4 e5 21. Rd2 Ne6 22. Rbd1 Kg7 23. g3 h6 24. h4 g5 (
24... Kh7 25. Bh3 Nd4 26. Ne2 Ne6 27. Kh2 $16) 25. h5 g4 $5 (25... Kh8 26. Bh3
Ng7 27. Bg4 $16) 26. fxg4 Ng5 27. Rf2 Qc7 28. Rf5 f6 29. Be2 Rf8 30. Kh2 Rad8
31. Rff1 Bd7 (31... Kh8 32. Rd2 $16) 32. Nd5 Qc5 33. Qd3 Be6 34. Ne3 Rf7 35.
Rd2 Qc6 36. Bf3 Qc5 37. Bg2 Qc8 38. Qe2 Qc5 39. Rfd1 b6 40. Qf2 Kf8 41. Rd5 $1
{This is the point. Black can't take the rook because the knight from e3 will
go to d5 or f5. But on the other way the rook will continue to b5 and the pawn
on b6 is very difficult to defend.} Qc7 (41... Bxd5 42. Rxd5 Qc7 43. Rb5 $16)
42. Rb5 Rb8 43. Rd3 Kg7 44. a4 Kf8 45. b4 {Finally white opens the position on
the Qeen side and black has no defense against this attack because the Ng5 is
so far.} axb4 46. Rxb4 Ra8 47. Rdb3 Ra6 48. Nf5 Bxf5 49. Qxf5 Qd7 50. Qg6 Qxg4
51. Rxb6 Rxb6 52. Rxb6 Qd7 53. Rb8+ Ke7 54. a5 Qa7 55. Qg8 Ke6 56. Bh3+ f5 (
56... Nxh3 57. Re8+) 57. exf5+ Kf6 58. Qg6+ Ke7 59. f6+ 1-0

[Event "Fraenkische GM 1st"]
[Site "Pulvermuehle"]
[Date "2000.01.18"]
[Round "6"]
[White "Bischoff, Klaus"]
[Black "Bezold, Michael"]
[Result "1/2-1/2"]
[WhiteElo "2544"]
[BlackElo "2508"]
[Annotator "Alterman,B"]
[PlyCount "53"]
[EventDate "2000.01.12"]
[EventType "tourn"]
[EventRounds "9"]
[EventCountry "GER"]
[EventCategory "10"]
[SourceTitle "CBM 075"]
[Source "ChessBase"]
[SourceDate "2000.04.05"]
[SourceVersion "1"]
[SourceVersionDate "2000.04.05"]
[SourceQuality "1"]

1. d4 g6 2. e4 Bg7 3. c4 d6 4. Nc3 Nf6 5. Nf3 O-O 6. Be2 c5 7. O-O cxd4 8. Nxd4
Nc6 9. Be3 Bd7 10. Qd2 Nxd4 11. Bxd4 Bc6 12. f3 a5 13. b3 Nd7 14. Bf2 Nc5 15.
Rab1 Qc7 (15... f5 16. exf5 gxf5 ({RR} 16... Rxf5 17. Bd1 Ne6 18. Bc2 Rf7 19.
Nd5 Qf8 20. Be3 Bh8 21. Rbe1 Qg7 22. Kh1 Qb2 23. Re2 Qxa2 24. Qd1 a4 25. bxa4
Bxd5 26. cxd5 {1-0 Van Blitterswijk,S-Afek,Y/Wijk aan Zee NED 2000/The Week in
Chess 273 (39)}) 17. a3 Kh8 18. b4 axb4 19. axb4 Na4 20. Nxa4 {1/2-1/2 Bagirov,
V-Yudasin,L/Moscow 1991/URS-ch (20)}) ({RR} 15... b6 16. Rfd1 Ra7 17. Bf1 Be5
18. Ne2 Qb8 19. Nd4 Bd7 20. Re1 Ne6 21. Nxe6 Bxe6 22. Qe3 Rb7 23. f4 Bg7 24.
Rbd1 {1/2-1/2 Bischoff,K-Serper,G/Krumbach 1991/TD (24)}) 16. Rfd1 Rfc8 17. Bf1
Qd8 18. Be3 $146 (18. Qe1 Qf8 19. Nd5 Bxd5 20. Rxd5 e6 21. Rdd1 Qe7 22. Kh1 Be5
23. g3 Qc7 24. Bg2 Bf6 25. Qe3 Rab8 26. Bf1 Be7 27. Be1 {Agrest,E-Karlsson,L/
Malmoe 1999/CBM 72/1-0 (76)}) 18... Qf8 19. Rbc1 Rd8 20. Ne2 Rdc8 21. Nd4 Qd8
22. Rb1 {[%mdl 2064]} (22. g3 Qd7 23. Bg2 $14 {[%cal Yh2h4]}) 22... Bd7 23. Qf2
Qe8 24. Rbc1 Qf8 25. Qd2 {White doesn't like to improve their space advantage
and game is finished after} Qe8 26. Qf2 Qf8 27. Qd2 1/2-1/2

[Event "NED-ch54"]
[Site "Rotterdam "]
[Date "1999.06.09"]
[Round "10"]
[White "Janssen, Ruud"]
[Black "Reinderman, Dimitri"]
[Result "1/2-1/2"]
[WhiteElo "2445"]
[BlackElo "2541"]
[Annotator "Alterman,B"]
[PlyCount "72"]
[EventDate "1999.05.29"]
[EventType "tourn"]
[EventRounds "11"]
[EventCountry "NED"]
[EventCategory "12"]
[SourceTitle "CBM 072"]
[Source "ChessBase"]
[SourceDate "1999.10.01"]
[SourceVersion "1"]
[SourceVersionDate "1999.10.01"]
[SourceQuality "1"]

1. Nf3 g6 2. c4 Bg7 3. d4 d6 4. Nc3 Nf6 5. e4 O-O 6. Be2 c5 7. O-O cxd4 8. Nxd4
Nc6 9. Be3 Bd7 10. Qd2 Nxd4 11. Bxd4 Bc6 12. f3 a5 13. b3 Nd7 14. Be3 Nc5 15.
Rab1 e6 {[%csl Yd5,Rd6][%cal Gd8e7,Gf8d8]} 16. Bh6 $6 {[%mdl 16384] In this
position important not to change the dark squares bishops, because white's
bishop  important defender of the weak diagonal a7-g1.} (16. Rfd1 Be5 17. g3 (
17. Bd4 Qe7 18. Qe3 Rad8 19. Rd2 Bxd4 20. Qxd4 f5 21. exf5 gxf5 22. f4 e5 23.
Qe3 Qg7 24. Nd5 Ne6 25. Bf3 Kh8 26. fxe5 dxe5 27. Re1 e4 28. Bd1 Qe5 29. Bc2
Bxd5 30. cxd5 Rxd5 31. Rxd5 Qxd5 32. Rd1 Qc6 33. b4 Qxc2 {0-1 Kristiansen,
J-Sorensen,J/Copenhagen 1990/EXT 97 (33)}) 17... Qe7 18. Nb5 b6 19. Bg5 f6 20.
Bh6 Rfd8 21. f4 Bxe4 22. Rbc1 g5 23. fxe5 dxe5 24. Qe3 Kf7 25. Nc3 Bf5 26. g4
Bg6 27. Rf1 Kg8 28. Qf3 Nd7 29. Rcd1 f5 30. gxf5 exf5 31. Nd5 Qc5+ 32. Qf2 {
1-0 Korneev,O-Cebalo,M/Porto San Giorgio 1997/CBM 59 ext (32)}) (16. Nd1 f5 17.
exf5 gxf5 18. Nf2 Qe7 19. Rbd1 Rfd8 20. Bg5 Bf6 21. Nh3 e5 22. f4 Qg7 23. Bf3
e4 24. Bxf6 Qxf6 25. Be2 Ne6 26. Qe3 {1/2-1/2 Adamski,J-Nielsen,P/Roskilde
1998/EXT 99 (26)}) (16. Rfc1 b6 17. Rc2 Qe7 18. Bf1 Rfd8 19. Rd1 Ra7 20. Bg5
Bf6 21. Bxf6 Qxf6 22. Qe3 Rb7 23. Rcd2 e5 24. g3 Kg7 25. Bh3 Qe7 26. f4 Rbb8
27. f5 {1/2-1/2 Wojtkiewicz,A-Olafsson,H/St.Martin 1993/TD (40)}) 16... Bxh6
17. Qxh6 e5 {[%csl Re2][%cal Gc5e6,Re6d4]} 18. Rfd1 (18. Bd1 $5 {[%cal Gc3e2,
Gd1c2,Gf3f4]}) 18... Ne6 19. Qe3 Qe7 20. Rd2 f5 {[%mdl 32] Now black has no
problems.Knight from e6 ready to go to d4 or f4,and weak pawn on d6 easy to
protect.} 21. exf5 gxf5 22. Rbd1 f4 23. Qf2 Nd4 24. Bd3 Rad8 25. Be4 Kh8 26.
Ne2 Nf5 27. Bxf5 Rxf5 28. Nc3 (28. Kh1 Rg5 {And black has a good countrplay.})
28... Rg8 29. Rxd6 Rfg5 {[%csl Rg2][%cal Rg5g2,Rc6g2,Ye7g7,Rg8g2]} 30. Ne4 Bxe4
31. fxe4 Rxg2+ 32. Qxg2 Rxg2+ 33. Kxg2 Qh4 34. Rd8+ Kg7 35. R8d7+ Kf8 (35...
Kh6 $4 {Losing immediately.} 36. R1d6+ Kg5 37. Rg7+ Kh5 38. Rxh7+) 36. Rd8+ Kg7
1/2-1/2

[Event "ROM-ch"]
[Site "Iasi"]
[Date "1999.12.15"]
[Round "3"]
[White "Badea, Bela"]
[Black "Ardeleanu, Alin"]
[Result "1-0"]
[WhiteElo "2484"]
[BlackElo "2409"]
[Annotator "Alterman,B"]
[PlyCount "93"]
[EventDate "1999.12.13"]
[EventType "tourn"]
[EventRounds "15"]
[EventCountry "ROU"]
[EventCategory "9"]
[SourceTitle "CBM 075"]
[Source "ChessBase"]
[SourceDate "2000.04.05"]
[SourceVersion "1"]
[SourceVersionDate "2000.04.05"]
[SourceQuality "1"]

1. Nf3 c5 2. c4 g6 3. d4 cxd4 4. Nxd4 Bg7 5. e4 Nc6 6. Be3 Nf6 7. Nc3 d6 8. Be2
O-O 9. O-O Bd7 10. Qd2 Nxd4 11. Bxd4 Bc6 12. f3 a5 13. b3 Nd7 14. Be3 Nc5 15.
Rab1 Qb6 16. Rfc1 Rfc8 17. Rc2 h5 18. Nd5 Qd8 19. Bg5 Bxd5 20. exd5 Qf8 $146 (
20... Bf6 21. Be3 Qf8 22. f4 Ne4 23. Qe1 Qg7 24. Bf3 Nc5 25. Qd2 Rc7 26. g3 b6
27. h3 Rac8 28. g4 hxg4 29. hxg4 g5 30. fxg5 Be5 31. Kg2 a4 32. Bxc5 Rxc5 33.
Be4 $16 {0-1 Ftacnik,L-Hansen,S/Hamburg 1999/CBM 72/[Ftacnik] (54)}) 21. g3 $1
{I don't understand this variant for the black side,because from the first
moves their plan so passive and if white plays good enough they has no problem
to increase their opening space advantage.} Bf6 22. Bh6 Bg7 23. Be3 Bf6 24. f4
Ne4 25. Qe1 Qg7 26. Bf3 Nc5 (26... Nc3 27. Rbc1) 27. Qd2 b6 28. h3 {White
starts action in the king side,thanks to the strong bishops and a space
advantage.} Rc7 29. g4 hxg4 30. hxg4 g5 $5 31. f5 {[%csl Rg5][%cal Gg1g2,Gb1h1,
Gh1h5] White planning to attack the weak pawn .Kg2,Rh1-h5,and black start some
countreplay in the Queenside.} (31. fxg5 $5 Be5 32. Kg2 Qg6 $2 33. Rh1 {
Was good enough.}) 31... a4 32. b4 Nd7 33. a3 Rac8 34. Rbc1 {[%mdl 32] Black
in the zugzwang,and finally they should to give some material.} Be5 (34... Ne5
35. Be2 {[%csl Rb6]}) 35. Bxg5 b5 36. c5 dxc5 37. Bxe7 c4 38. d6 c3 39. Qg2 $2
{[%mdl 8192]} (39. Qd5 $1 Rc4 40. Qxb5 Bf4 41. Re1 Bd2 42. Re2 Qd4+ 43. Kg2 Qd3
44. Qxd7 $1 Qxc2 45. Qb7 Qd3 46. d7 {Was winning in spot,after the text move
position become less clear.}) 39... Rc4 40. Re1 (40. Be2 Rf4 $1) 40... Rf4 $5 (
40... Bf4 $1 $13 {[%cal Gf4d2]}) 41. Re4 Rc4 (41... Rxe4 42. Bxe4 Rc4 43. Qf3
Bf6 44. g5 $1 $18) 42. Rxf4 (42. Rxc4 Rxc4 43. Be2 Rf4 44. Qa8+ Kh7 45. Qh1+
Kg8) 42... Rxf4 43. Kf1 Bd4 44. Qg3 Be5 $5 (44... Rxf5 $1 $13) 45. Qh3 Rc4 $2 {
[%mdl 8192] Last mistake.After} (45... Bd4 $1 46. Kg2 Ne5 {Black still alive.})
46. g5 Bf4 47. g6 1-0